<?xml version="1.0" encoding="UTF-8"?><?xml-stylesheet type="text/xsl" href="static/style.xsl"?><OAI-PMH xmlns="http://www.openarchives.org/OAI/2.0/" xmlns:xsi="http://www.w3.org/2001/XMLSchema-instance" xsi:schemaLocation="http://www.openarchives.org/OAI/2.0/ http://www.openarchives.org/OAI/2.0/OAI-PMH.xsd"><responseDate>2026-04-14T03:52:07Z</responseDate><request verb="GetRecord" identifier="oai:www.recercat.cat:20.500.14342/1147" metadataPrefix="marc">https://recercat.cat/oai/request</request><GetRecord><record><header><identifier>oai:recercat.cat:20.500.14342/1147</identifier><datestamp>2025-05-24T13:47:46Z</datestamp><setSpec>com_2072_482405</setSpec><setSpec>com_2072_183628</setSpec><setSpec>col_2072_482414</setSpec></header><metadata><record xmlns="http://www.loc.gov/MARC21/slim" xmlns:dcterms="http://purl.org/dc/terms/" xmlns:xsi="http://www.w3.org/2001/XMLSchema-instance" xmlns:doc="http://www.lyncode.com/xoai" xsi:schemaLocation="http://www.loc.gov/MARC21/slim http://www.loc.gov/standards/marcxml/schema/MARC21slim.xsd">
   <leader>00925njm 22002777a 4500</leader>
   <datafield ind2=" " ind1=" " tag="042">
      <subfield code="a">dc</subfield>
   </datafield>
   <datafield ind2=" " ind1=" " tag="720">
      <subfield code="a">Broto Puig, Francesc</subfield>
      <subfield code="e">author</subfield>
   </datafield>
   <datafield ind2=" " ind1=" " tag="720">
      <subfield code="a">Agut, Montserrat</subfield>
      <subfield code="e">author</subfield>
   </datafield>
   <datafield ind2=" " ind1=" " tag="720">
      <subfield code="a">Comellas Riera, Lluís</subfield>
      <subfield code="e">author</subfield>
   </datafield>
   <datafield ind2=" " ind1=" " tag="720">
      <subfield code="a">Alfaro, Claudia Verónica</subfield>
      <subfield code="e">author</subfield>
   </datafield>
   <datafield ind2=" " ind1=" " tag="260">
      <subfield code="c">2013-07</subfield>
   </datafield>
   <datafield ind2=" " ind1=" " tag="520">
      <subfield code="a">En este trabajo se pone a punto un método de cromatografía líquida de ultra-alta resolución para el análisis de aflatoxinas en semillas de anacardo. El tiempo de análisis cromatográfico para la detección de las 4 micotoxinas es de sólo 3,2 minutos. Para la extracción de las aflatoxinas se utiliza una mezcla de metanol/agua 70:30. Para la separación de los analitos se utiliza una columna cromatográfica Acquity UPLC ™ BEH C18 (2.1 x 50 mm, 1.7 μm) y la detección se realiza con detector UV (350 nm). El método se aplicó a dos muestras de semilla de anacardo de distinto origen (India y El Salvador), previamente inoculadas con Aspergillus parasiticus CECT 2681, cepa capaz de producir aflatoxinas en arroz. Los resultados del estudio mostraron que las semillas de anacardo permiten la producción de estas toxinas por parte de una cepa productora si las condiciones ambientales son adecuadas.</subfield>
   </datafield>
   <datafield ind2=" " ind1=" " tag="520">
      <subfield code="a">In this work we develop a method for the analysis of aflatoxins in cashew nuts by means of ultra-performance liquid chromatography. The method allows the detection of the four toxins in only 3.2 minutes. Aflatoxins are extracted with a mixture of methanol and water 70:30. A chromatographic column Acquity UPLC ™ BEH C18 (2.1 x 50 mm, 1.7 microns) is used for the separation and a UV detector (350 nm) is employed to measure them.&#xd;
The method was applied to two cashew nuts samples obtained from two different countries (India and El Salvador), previously inoculated with Aspergillus parasiticus CECT 2681, a strain able to produce aflatoxinas when it grows on rice.&#xd;
Results showed that aflatoxinas can be produced in cashew nuts by a toxigenic strain if environmental conditions are suitable.</subfield>
   </datafield>
   <datafield ind2=" " ind1=" " tag="520">
      <subfield code="a">En aquest treball es posa al punt un mètode de cromatografia líquida d’ultra-alta resolució per a l’anàlisi d’aflatoxines en anacards. El temps d’anàlisi cromatogràfica per a la detecció de les 4 micotoxines és de només 3,2 minuts. Per a l’extracció de les aflatoxines s’utilitza una barreja de metanol/aigua 70:30. Per a la separació dels analits s’utilitza una columna cromatogràfica Acquity UPLC ™ BEH C18 (2.1 x 50 mm, 1.7 μm) i la detecció es realitza amb un detector UV (350 nm). El mètode es va aplicar a dues mostres d’anacards de diferent origen (Índia i El Salvador), prèviament inoculades amb Aspergillus parasiticus CECT 2681, soca capaç de produir aflatoxines en créixer sobre arròs. Els resultats de l’estudi van demostrar que l’anacard és un substrat que permet la producció d’aquestes toxines per part d’una soca productora si les condicions ambientals són adequades.</subfield>
   </datafield>
   <datafield ind1="8" ind2=" " tag="024">
      <subfield code="a">http://hdl.handle.net/20.500.14342/1147</subfield>
   </datafield>
   <datafield tag="653" ind2=" " ind1=" ">
      <subfield code="a">Cromatografia de líquids</subfield>
   </datafield>
   <datafield tag="653" ind2=" " ind1=" ">
      <subfield code="a">Aspergil·lus</subfield>
   </datafield>
   <datafield tag="653" ind2=" " ind1=" ">
      <subfield code="a">Fruita seca</subfield>
   </datafield>
   <datafield tag="653" ind2=" " ind1=" ">
      <subfield code="a">Aflatoxinas</subfield>
   </datafield>
   <datafield tag="653" ind2=" " ind1=" ">
      <subfield code="a">Anacardos</subfield>
   </datafield>
   <datafield tag="653" ind2=" " ind1=" ">
      <subfield code="a">Aspergillus</subfield>
   </datafield>
   <datafield tag="653" ind2=" " ind1=" ">
      <subfield code="a">Cromatografía líquida de ultra-alta resolución</subfield>
   </datafield>
   <datafield tag="653" ind2=" " ind1=" ">
      <subfield code="a">Aflatoxin</subfield>
   </datafield>
   <datafield tag="653" ind2=" " ind1=" ">
      <subfield code="a">Cashew nuts</subfield>
   </datafield>
   <datafield tag="653" ind2=" " ind1=" ">
      <subfield code="a">Ultra-performance liquid chromatography</subfield>
   </datafield>
   <datafield tag="653" ind2=" " ind1=" ">
      <subfield code="a">Aflatoxines</subfield>
   </datafield>
   <datafield tag="653" ind2=" " ind1=" ">
      <subfield code="a">Anacards</subfield>
   </datafield>
   <datafield tag="653" ind2=" " ind1=" ">
      <subfield code="a">Cromatografia líquida d’ultra-alta resolució</subfield>
   </datafield>
   <datafield ind2="0" ind1="0" tag="245">
      <subfield code="a">Estudio de la producción de aflatoxinas B1, G1, B2 y G2 en semillas de anacardo por parte de Aspergillus parasiticus CECT 2681 mediante cromatografía líquida de ultra-alta resolución</subfield>
   </datafield>
</record></metadata></record></GetRecord></OAI-PMH>